[Event "Aragon-ch Primera"]
[Site "Spain"]
[Date "2009.??.??"]
[Round "5"]
[White "Alava Ruiz, Jorge"]
[Black "Juni Pardos, Marcos"]
[Result "0-1"]
[WhiteElo "1827"]
[BlackElo "1808"]
[PlyCount "102"]
[EventDate "2009.??.??"]
[EventType "swiss"]
[EventRounds "9"]
[EventCountry "ESP"]
[SourceTitle "EXT 2013"]
[Source "ChessBase"]
[SourceDate "2012.11.22"]
[SourceVersion "1"]
[SourceVersionDate "2012.11.22"]
[SourceQuality "1"]

1. d4 d5 2. Nf3 Nf6 3. e3 Bf5 4. Bd3 Bxd3 5. Qxd3 c6 6. Nbd2 e6 7. 0-0 Bd6 8. Re1 0-0 9. e4 dxe4 10. Nxe4 Nxe4 11. Rxe4 Nd7 12. Rh4 f5 13. Ng5 h6 14. Qh3 hxg5 15. Rh8+ Kf7 16. Qh5+ Ke7 17. Bxg5+ Nf6 18. Qg6 Kd7 19. Qxg7+ Qe7 20. Rh7 Qxg7 21. Rxg7+ Be7 22. Re1 Rae8 23. Re3 Nd5 24. Ra3 Rg8 25. Rxg8 Rxg8 26. Bxe7 Nxe7 27. Rxa7 Kc7 28. Ra3 Nd5 29. g3 Nb4 30. c3 Nc2 31. Ra5 Ne1 32. h4 Nd3 33. b3 Kb6 34. Ra4 f4 35. Kg2 fxg3 36. fxg3 Rf8 37. Kh3 Nf2+ 38. Kh2 Ne4 39. c4 Rg8 40. d5 exd5 41. cxd5 cxd5 42. Rd4 Kc5 43. Rd3 d4 44. a3 Kd5 45. Kg2 Rf8 46. h5 Ng5 47. a4 Ke4 48. Rd1 Rf7 49. Re1+ Kd3 50. Re5 Ne4 51. g4 Ke3 0-1

[Event "Aragon-ch Primera"]
[Site "Spain"]
[Date "2009.??.??"]
[Round "3"]
[White "Cortes Sobrevilla, Cecilio"]
[Black "Juni Pardos, Marcos"]
[Result "0-1"]
[WhiteElo "1669"]
[BlackElo "1808"]
[PlyCount "106"]
[EventDate "2009.??.??"]
[EventType "swiss"]
[EventRounds "9"]
[EventCountry "ESP"]
[SourceTitle "EXT 2013"]
[Source "ChessBase"]
[SourceDate "2012.11.22"]
[SourceVersion "1"]
[SourceVersionDate "2012.11.22"]
[SourceQuality "1"]

1. d4 d5 2. Nf3 Nf6 3. e3 Bf5 4. c4 e6 5. Nc3 c6 6. Be2 Nbd7 7. 0-0 Be7 8. Nh4 Bg6 9. c5 Qc7 10. f4 Be4 11. Nf3 0-0 12. Ne5 b6 13. b4 a5 14. Nxd7 Nxd7 15. Nxe4 dxe4 16. Qc2 axb4 17. cxb6 Nxb6 18. Bd2 f5 19. Rfc1 Rfc8 20. Qb3 Nd5 21. Rc4 Ra3 22. Qb2 Nxe3 23. Bxe3 Rxe3 24. Rac1 Qd7 25. Kf1 Ra3 26. Bd1 Ra7 27. Bb3 Rac7 28. Qf2 Qd6 29. Rc5 Bf6 30. R1c4 Rd8 31. g3 Kf7 32. Rxb4 Bxd4 33. Rxd4 Qxd4 34. Qxd4 Rxd4 35. Rxf5+ Ke7 36. Re5 Rd6 37. Rxe4 Kf6 38. g4 h6 39. h4 g5 40. fxg5+ hxg5 41. h5 e5 42. Re2 Rd4 43. Rg2 c5 44. Bc2 c4 45. h6 Rc8 46. Bf5 Rh8 47. Rh2 c3 48. h7 Rd1+ 49. Kf2 Rd2+ 50. Kg3 Rxh2 51. Kxh2 Kg7 52. Kg3 Rxh7 53. Kf3 Rh2 0-1

[Event "Aragon-ch Primera"]
[Site "Spain"]
[Date "2009.??.??"]
[Round "6"]
[White "Juni Pardos, Marcos"]
[Black "Sacristan Latorre, Alberto"]
[Result "0-1"]
[WhiteElo "1808"]
[BlackElo "1915"]
[PlyCount "68"]
[EventDate "2009.??.??"]
[EventType "swiss"]
[EventRounds "9"]
[EventCountry "ESP"]
[SourceTitle "EXT 2013"]
[Source "ChessBase"]
[SourceDate "2012.11.22"]
[SourceVersion "1"]
[SourceVersionDate "2012.11.22"]
[SourceQuality "1"]

1. e4 c5 2. Nf3 d6 3. Bb5+ Bd7 4. Bxd7+ Qxd7 5. 0-0 Nc6 6. b3 Nf6 7. Qe2 g6 8. c4 Bg7 9. Nc3 Nh5 10. Bb2 Nf4 11. Qe3 Qg4 12. g3 e5 13. Kh1 Nd4 14. Ne1 Nfe6 15. Nd5 0-0-0 16. f3 Qh3 17. Qf2 f5 18. d3 fxe4 19. dxe4 Rdf8 20. Rd1 Rf7 21. Rd3 Rhf8 22. Bc1 Bh6 23. f4 Qg4 24. Ng2 Ng5 25. f5 Nh3 26. Qe1 Bxc1 27. Qxc1 Qxe4 28. Re3 Qg4 29. f6 Ng5 30. Qa3 Kb8 31. Qa5 Nc6 32. Qd2 Ne4 33. Qd3 Nxf6 34. Ref3 e4 0-1